Nếp cũ - Bó hoa Bắc Việt /

Bewaard in:
Bibliografische gegevens
Hoofdauteur: Toan Ánh.
Formaat: Sách giấy
Taal:Vietnamese
Gepubliceerd in: Tp. Hồ Chí Minh : Trẻ, 2011.
Onderwerpen:
Tags: Voeg label toe
Geen labels, Wees de eerste die dit record labelt!
Thư viện lưu trữ: Thư viện Trường Đại học Đà Lạt
LEADER 00725nam a2200301 4500
001 DLU120131209
005 ##20120214
040 # # |a DLU  |b vie 
041 # # |a vie 
044 # # |a vn 
082 # # |a 390.095 97  |b TO-A 
100 # # |a Toan Ánh. 
245 # # |a Nếp cũ - Bó hoa Bắc Việt /  |c Toan Ánh. 
260 # # |a Tp. Hồ Chí Minh :  |b Trẻ,  |c 2011. 
300 # # |a 156 tr. ;  |c 20 cm. 
651 # # |a Việt Nam, Miền Bắc  |x Đời sống xã hội và tập quán. 
923 # # |a 01/2012DL 
991 # # |a SH 
992 # # |a 39000 
994 # # |a KDL 
900 # # |a True 
911 # # |a Nguyễn Thanh Hương 
925 # # |a G 
926 # # |a A 
927 # # |a SH 
980 # # |a Thư viện Trường Đại học Đà Lạt